[Event "Marianske Lazne op"]
[Site "Marianske Lazne"]
[Date "2009.01.20"]
[Round "4"]
[White "Galochkin, Sergei"]
[Black "Knapik, Andrzej2222"]
[Result "1/2-1/2"]
[WhiteElo "2052"]
[BlackElo "1755"]
[PlyCount "88"]
[EventDate "2009.01.17"]
[EventType "swiss"]
[EventRounds "9"]
[EventCountry "CZE"]
[SourceTitle "CBM 128 Extra"]
[Source "ChessBase"]
[SourceDate "2009.03.05"]
[SourceVersion "2"]
[SourceVersionDate "2009.03.25"]
[SourceQuality "1"]

1. Nf3 Nf6 2. c4 g6 3. Nc3 Bg7 4. e4 d6 5. d4 0-0 6. Be2 Nbd7 7. 0-0 e5 8. Be3 exd4 9. Nxd4 Re8 10. f3 a5 11. Qd2 Nc5 12. Rad1 Ne6 13. b3 Nxd4 14. Bxd4 Bd7 15. Rfe1 Bc6 16. Nd5 Bxd5 17. cxd5 Nd7 18. Bxg7 Kxg7 19. Bb5 Re7 20. Bxd7 Qxd7 21. Qd4+ f6 22. Re2 Rae8 23. Rc2 Kf7 24. Rdc1 Rc8 25. Qd3 f5 26. exf5 Qxf5 27. Qxf5+ gxf5 28. Kf2 Kf6 29. f4 Kf7 30. Kf3 Ke8 31. h3 h5 32. g4 hxg4+ 33. hxg4 fxg4+ 34. Kxg4 Rg7+ 35. Kf5 Kd7 36. Ke4 c6 37. dxc6+ bxc6 38. Kd4 Rf7 39. Rf1 Rcf8 40. Rcf2 Rf5 41. a3 Rd5+ 42. Kc4 Rc5+ 43. Kd4 Rd5+ 44. Ke4 Rc5 1/2-1/2

[Event "Prague op-B 08th"]
[Site "Prague"]
[Date "2009.01.16"]
[Round "9"]
[White "Galochkin, Sergei"]
[Black "Jakovlev, Juri"]
[Result "0-1"]
[WhiteElo "2052"]
[BlackElo "2006"]
[PlyCount "34"]
[EventDate "2009.01.09"]
[EventType "swiss"]
[EventRounds "9"]
[EventCountry "CZE"]
[SourceTitle "EXT 2010"]
[Source "ChessBase"]
[SourceDate "2010.11.25"]
[SourceVersion "1"]
[SourceVersionDate "2010.11.25"]
[SourceQuality "1"]

1. Nf3 d5 2. d4 Nf6 3. c4 c6 4. Qc2 g6 5. e3 Bf5 6. Bd3 Bxd3 7. Qxd3 Bg7 8. Nc3 0-0 9. 0-0 Na6 10. e4 dxe4 11. Nxe4 c5 12. Rd1 cxd4 13. Nxd4 Nxe4 14. Qxe4 e5 15. Qxb7 Nc5 16. Qb4 Rc8 17. Bg5 Qxg5 0-1

[Event "Prague op-B 08th"]
[Site "Prague"]
[Date "2009.01.15"]
[Round "8"]
[White "Macek, Kamil"]
[Black "Galochkin, Sergei"]
[Result "1/2-1/2"]
[WhiteElo "1920"]
[BlackElo "2052"]
[PlyCount "22"]
[EventDate "2009.01.09"]
[EventType "swiss"]
[EventRounds "9"]
[EventCountry "CZE"]
[SourceTitle "EXT 2010"]
[Source "ChessBase"]
[SourceDate "2010.11.25"]
[SourceVersion "1"]
[SourceVersionDate "2010.11.25"]
[SourceQuality "1"]

1. d4 d5 2. c4 e6 3. Nc3 Be7 4. Nf3 Nf6 5. cxd5 exd5 6. Bg5 c6 7. e3 Bf5 8. Bd3 Bxd3 9. Qxd3 Nbd7 10. 0-0 0-0 11. Rab1 a5 1/2-1/2

[Event "Prague op-B 08th"]
[Site "Prague"]
[Date "2009.01.13"]
[Round "6"]
[White "Ossipov, Victor"]
[Black "Galochkin, Sergei"]
[Result "1-0"]
[WhiteElo "2165"]
[BlackElo "2052"]
[PlyCount "155"]
[EventDate "2009.01.09"]
[EventType "swiss"]
[EventRounds "9"]
[EventCountry "CZE"]
[SourceTitle "EXT 2010"]
[Source "ChessBase"]
[SourceDate "2010.11.25"]
[SourceVersion "1"]
[SourceVersionDate "2010.11.25"]
[SourceQuality "1"]

1. d4 d5 2. Nf3 Nf6 3. Bf4 g6 4. e3 Bg7 5. h3 0-0 6. Bd3 c5 7. c3 Nc6 8. 0-0 Nd7 9. Bb5 Qb6 10. Qe2 a6 11. Bxc6 Qxc6 12. Nbd2 Re8 13. Ne5 Qb6 14. Ndf3 f6 15. Nxd7 Bxd7 16. Qd2 Rad8 17. a4 c4 18. a5 Qc6 19. Rfd1 Bf5 20. Ne1 e5 21. dxe5 fxe5 22. Bg5 Rd7 23. g4 Be6 24. Nc2 Qc5 25. Bh4 h6 26. Bg3 g5 27. Kh2 Rf8 28. Qe2 Rdf7 29. Rf1 Bd7 30. Qd2 h5 31. gxh5 Bf5 32. Nb4 Be4 33. Rad1 Bf3 34. Ra1 Rf5 35. Nc2 Bxh5 36. e4 dxe4 37. Ne3 R5f7 38. Qd5 Qxd5 39. Nxd5 Rd8 40. Ne3 Be2 41. Rfe1 Rd2 42. Ra4 Rc7 43. Rb4 Bf8 44. Ra4 Bc5 45. Bxe5 Rf7 46. Rxe2 Rxe2 47. Ng4 Rfxf2+ 48. Nxf2 Rxf2+ 49. Kg3 Rxb2 50. Rxc4 Bf2+ 51. Kg4 e3 52. Bd4 Rd2 53. Kf3 Ra2 54. Rc5 Bh4 55. Bxe3 Rh2 56. Bxg5 Bxg5 57. Rxg5+ Kf7 58. Kg3 Rc2 59. h4 Rc1 60. Rc5 Kg6 61. h5+ Kh6 62. Kf3 Rc2 63. Kf4 Re2 64. c4 Re1 65. Rc7 Ra1 66. Rc5 Re1 67. Re5 Rc1 68. c5 Ra1 69. c6 bxc6 70. Rc5 Re1 71. Rxc6+ Kxh5 72. Rd6 Re2 73. Rxa6 Re1 74. Rb6 Re7 75. a6 Ra7 76. Ke5 Kg5 77. Kd5 Kf5 78. Kc5 1-0

[Event "Prague op-B 07th"]
[Site "Prague"]
[Date "2008.01.15"]
[Round "5"]
[White "Mlejnek, Stanislav"]
[Black "Galochkin, Sergei"]
[Result "0-1"]
[WhiteElo "1748"]
[BlackElo "2052"]
[PlyCount "141"]
[EventDate "2008.01.11"]
[EventType "swiss"]
[EventRounds "9"]
[EventCountry "CZE"]
[SourceTitle "EXT 2010"]
[Source "ChessBase"]
[SourceDate "2010.11.25"]
[SourceVersion "1"]
[SourceVersionDate "2010.11.25"]
[SourceQuality "1"]

1. d4 d5 2. c4 e6 3. Nc3 Nf6 4. e3 Be7 5. Nf3 0-0 6. Bd3 dxc4 7. Bxc4 c5 8. 0-0 Nc6 9. a3 a6 10. b3 b5 11. Be2 cxd4 12. Nxd4 Nxd4 13. Qxd4 Qxd4 14. exd4 Bb7 15. Bb2 Rfd8 16. Na2 Rac8 17. Rac1 Bd5 18. Nb4 Bxb4 19. axb4 Bxb3 20. Rc5 Ne4 21. Rxc8 Rxc8 22. Rc1 Rxc1+ 23. Bxc1 Nc3 24. Bf3 Bd5 25. Bd2 Nb1 26. Bxd5 exd5 27. Bf4 Kf8 28. Bd6+ Ke8 29. Bc5 Kd7 30. Kf1 Nd2+ 31. Ke2 Nc4 32. h4 a5 33. bxa5 Nxa5 34. g4 Kc6 35. Kd3 Nc4 36. Kc3 Na5 37. Bf8 g6 38. f4 Nc4 39. h5 gxh5 40. gxh5 Na5 41. f5 Nc4 42. f6 Ne3 43. h6 Ng4 44. Bg7 Kd6 45. Kb4 Ke6 46. Kxb5 Nxf6 47. Bf8 Ng4 48. Kc5 f5 49. Kb4 f4 50. Kc3 Kf5 51. Kd3 Kg5 52. Ke2 Nxh6 53. Kf3 Nf5 54. Bc5 Nh4+ 55. Kf2 Kf5 56. Be7 Ng6 57. Bc5 Ke4 58. Ke2 Nh4 59. Kf2 Nf5 60. Ke2 h5 61. Kf2 h4 62. Ba3 h3 63. Kg1 f3 64. Bb4 Ke3 65. Be1 Ke2 66. Bf2 h2+ 67. Kh1 Kxf2 68. Kxh2 Ke3 69. Kg1 f2+ 70. Kf1 Ng3+ 71. Kg2 0-1

[Event "Prague op-B 07th"]
[Site "Prague"]
[Date "2008.01.13"]
[Round "3"]
[White "Novak, Jindrich"]
[Black "Galochkin, Sergei"]
[Result "1-0"]
[WhiteElo "2039"]
[BlackElo "2052"]
[PlyCount "149"]
[EventDate "2008.01.11"]
[EventType "swiss"]
[EventRounds "9"]
[EventCountry "CZE"]
[SourceTitle "EXT 2010"]
[Source "ChessBase"]
[SourceDate "2010.11.25"]
[SourceVersion "1"]
[SourceVersionDate "2010.11.25"]
[SourceQuality "1"]

1. d3 d5 2. e4 dxe4 3. dxe4 Qxd1+ 4. Kxd1 Nf6 5. f3 Nc6 6. c3 e5 7. Be3 Be6 8. Nd2 Nd7 9. b4 Be7 10. a4 0-0 11. Bc4 Bxc4 12. Nxc4 Nb6 13. Nxb6 axb6 14. Ne2 Rfd8+ 15. Kc2 Rd7 16. Rhd1 Rad8 17. Rxd7 Rxd7 18. Nc1 f6 19. Nd3 Rd8 20. Nb2 Ra8 21. Rd1 Rd8 22. Rh1 Ra8 23. Kb3 Kf7 24. Nc4 Ke6 25. g4 h5 26. h4 g6 27. Rg1 hxg4 28. fxg4 Rh8 29. Rh1 f5 30. exf5+ gxf5 31. gxf5+ Kxf5 32. h5 Bg5 33. h6 Bf4 34. h7 Kg6 35. Bxf4 exf4 36. Rf1 Kg5 37. Rg1+ Kf6 38. Rg4 Kf5 39. Rg7 Ne5 40. Rxc7 f3 41. Rxb7 Ng4 42. Nd6+ Ke6 43. Rxb6 Rxh7 44. Ne4+ Kf5 45. Nd2 f2 46. Rd6 Re7 47. Rd3 Ne5 48. Rd8 Kf4 49. a5 Ke3 50. a6 Nd3 51. Nf1+ Ke2 52. Ng3+ Ke3 53. Nf5+ Ke2 54. Rf8 Nf4 55. Ng3+ Kf3 56. Nh5 Re4 57. Nxf4 Rxf4 58. Rxf4+ Kxf4 59. a7 f1Q 60. a8Q Qb1+ 61. Kc4 Qf1+ 62. Kc5 Qf2+ 63. Kd6 Qd2+ 64. Qd5 Qxc3 65. Qf7+ Kg3 66. Qg6+ Kf4 67. Qh6+ Kg4 68. Qe6+ Kf4 69. b5 Qb4+ 70. Kc6 Qc3+ 71. Kd7 Qg7+ 72. Kc8 Qc3+ 73. Qc6 Qh8+ 74. Kb7 Kg4 75. Qc8+ 1-0